| 000 | 00406nam a22001337a 4500 | ||
|---|---|---|---|
| 999 |
_c15619 _d15619 |
||
| 003 | OSt | ||
| 008 | 190521b ||||| |||| 00| 0 eng d | ||
| 020 | _a9789351302278 | ||
| 082 |
_a620.820954 _bVIN/HU |
||
| 245 | _aHumanazing work and work environment : ergo safety for all | ||
| 260 |
_aNew Delhi _bDaya publishing House, A Division of Astral International Pvt.Ltd _c2014 |
||
| 300 | _a629 p. | ||
| 942 | _cBK | ||